Beugrok a nagybőgőbe

Bibliographic Details
Main Author: Nagy, Lajos Zs., 1935-2005 (Author)
Other Authors: Szkukálek, Ľudovít, 1957- (gup)
Format: Article
Language:Hungarian
PhysicalDescription:Obr. 1.
Subjects:

MARC

LEADER 00000nab a2200000 a 4500
001 vtls000460170
003 SK-MaSNL
005 20260309145309.0
008 160202c1992 xo 0 hun
015 |a SNBRB19rr/mm-uuuuu 
035 |a CL0460302 
040 |a SNKBUCL  |b slo  |c SNKBUCL  |e AACR2 
041 0 |a hun 
044 |a xo  |c SK 
080 |a 894.511 (437)-7=945.11  |2 1981 
100 1 |a Nagy, Lajos Zs.,  |d 1935-2005  |4 aut  |9 107411 
245 1 0 |a Beugrok a nagybőgőbe  |c Lajos Nagy Zs. ; Lajos Szkukálek 
300 |b Obr. 1. 
650 0 7 |a fejtóny humoristické  |2 snkbucl  |9 900451 
650 0 7 |a fejtóny satirické  |2 snkbucl  |9 898423 
655 7 |a články z novín a časopisov  |2 snkbucl  |9 267496 
655 7 |a články z odboru literárna veda a krásna literatúra  |2 snkbucl  |9 770045 
700 1 |a Szkukálek, Ľudovít,  |d 1957-  |4 gup  |9 247171 
773 0 |t A Hét  |g Roč. 37, č. 22 (1992), s. 31 
850 |a Slovenská národná knižnica v Martine  |a MTA001 
852 |a SNK  |b KIS3GCP 
958 |a RK 
958 |a HU 
958 |a LX 
992 |a RBX 
999 |c 3365539  |d 3367469